000 00205 a2200097 4500
001 52213
100 _aCartland B
245 _aLove on the Wind
260 _aLondon
_bPan Books
_c
090 _c32876
_d32876
942 _aNUST-CAE
_cM
_c25420
999 _c287286
_d287286